000 00378nam a2200157Ia 4500
003 OSt
005 20240203095157.0
008 170523s9999 xx 000 0 und d
020 _a978-0273713630
040 _ciimt university meerut
100 _aHORNE- JOHAN
245 0 _aFUNDAMENTALS OF FINANCIAL MANAGEMENT
260 _bNEW DELHI PHI
260 _c1994
942 _2ddc
_c02
999 _c260
_d260